Minecraft Items - O (26.1) - Statistics

General Stats
  • This quiz has been taken 5 times
  • The average score is 11 of 57
Answer Stats
Items % Correct
Oak Wood
100%
Oak Door
75%
Oak Fence
75%
Oak Trapdoor
75%
Oak Boat
50%
Oak Button
50%
Oak Fence Gate
50%
Oak Log
50%
Oak Planks
50%
Oak Sapling
50%
Oak Stairs
50%
Obsidian
50%
Orange Dye
50%
Orange Glazed Terracotta
50%
Orange Wool
50%
Oak Leaves
25%
Oak Slab
25%
Orange Bed
25%
Orange Concrete
25%
Orange Concrete Powder
25%
Orange Stained Glass
25%
Orange Terracotta
25%
Oak Boat with Chest
0%
Oak Hanging Sign
0%
Oak Pressure Plate
0%
Oak Shelf
0%
Oak Sign
0%
Observer
0%
Ochre Froglight
0%
Ominous Banner
0%
Ominous Bottle
0%
Ominous Trial Key
0%
Open Eyeblossom
0%
Orange Banner
0%
Orange Bundle
0%
Orange Candle
0%
Orange Carpet
0%
Orange Harness
0%
Orange Shulker Box
0%
Orange Stained Glass Pane
0%
Orange Tulip
0%
Oxeye Daisy
0%
Oxidized Chiseled Copper
0%
Oxidized Copper
0%
Oxidized Copper Bars
0%
Oxidized Copper Bulb
0%
Oxidized Copper Chain
0%
Oxidized Copper Chest
0%
Oxidized Copper Door
0%
Oxidized Copper Golem Statue
0%
Oxidized Copper Grate
0%
Oxidized Copper Lantern
0%
Oxidized Copper Trapdoor
0%
Oxidized Cut Copper
0%
Oxidized Cut Copper Slab
0%
Oxidized Cut Copper Stairs
0%
Oxidized Lightning Rod
0%
No matching quizzes found
Score Distribution
Percent of People with Each Score
Percentile by Number Answered
Your Score History
You have not taken this quiz